<?xml version="1.0" encoding="UTF-8"?>
<collection xmlns="http://www.loc.gov/MARC21/slim">
 <record>
  <leader>04029ntm a22005177a 4500</leader>
  <controlfield tag="001">000259414</controlfield>
  <controlfield tag="003">CZ-PrVSE</controlfield>
  <controlfield tag="005">20140622182146.0</controlfield>
  <controlfield tag="006">m        d</controlfield>
  <controlfield tag="007">cr n||||||||||</controlfield>
  <controlfield tag="008">140622s2013    xr     fsbm   000 0 cze d</controlfield>
  <datafield tag="STA" ind1=" " ind2=" ">
   <subfield code="a">NEZPRACOVANÝ IMPORT</subfield>
  </datafield>
  <datafield tag="040" ind1=" " ind2=" ">
   <subfield code="a">ABA006</subfield>
   <subfield code="b">cze</subfield>
   <subfield code="c">ABA006</subfield>
   <subfield code="d">ABA006</subfield>
  </datafield>
  <datafield tag="100" ind1="1" ind2=" ">
   <subfield code="a">Ondruška, Pavel</subfield>
   <subfield code="%">ISIS:75080</subfield>
   <subfield code="4">dis</subfield>
  </datafield>
  <datafield tag="242" ind1="1" ind2="4">
   <subfield code="a">The costs of Czech public budgets resulting from the study of Slovak nationals at public universities in the Czech Republic</subfield>
   <subfield code="y">eng</subfield>
  </datafield>
  <datafield tag="245" ind1="1" ind2="0">
   <subfield code="a">Náklady veřejných rozpočtů ČR vyplývající ze studia slovenských státních příslušníků na veřejných vysokých školách v ČR</subfield>
   <subfield code="h">[elektronický zdroj] /</subfield>
   <subfield code="c">Pavel Ondruška</subfield>
  </datafield>
  <datafield tag="260" ind1=" " ind2=" ">
   <subfield code="c">2013</subfield>
  </datafield>
  <datafield tag="300" ind1=" " ind2=" ">
   <subfield code="a">?? s. :</subfield>
   <subfield code="3">digital, PDF soubor</subfield>
  </datafield>
  <datafield tag="500" ind1=" " ind2=" ">
   <subfield code="a">Vedoucí práce: Miroslav Ševčík</subfield>
  </datafield>
  <datafield tag="502" ind1=" " ind2=" ">
   <subfield code="a">Diplomová práce (Ing.)—Vysoká škola ekonomická v Praze. Národohospodářská fakulta, 2014</subfield>
  </datafield>
  <datafield tag="504" ind1=" " ind2=" ">
   <subfield code="a">Obsahuje bibliografii</subfield>
  </datafield>
  <datafield tag="516" ind1=" " ind2=" ">
   <subfield code="a">Textový (vysokoškolská kvalifikační práce)</subfield>
  </datafield>
  <datafield tag="518" ind1=" " ind2=" ">
   <subfield code="a">Rok obhajoby 2014</subfield>
  </datafield>
  <datafield tag="520" ind1="3" ind2=" ">
   <subfield code="a">Cílem diplomové práce je zjištění efektivity poskytování bezplatného terciárního vzdělání občanům Slovenské republiky na českých veřejných vysokých školách. V teoretické části se zaměřím na výzkum motivací slovenských občanů ke studiu v České republice z hlediska teorie o rozšiřování lidského kapitálu a návratnosti investic do vzdělání, ale také využiji dotazníkového šetření k průzkumu preferencí ve výběru školy mimo Slovensko. Dále se věnuji systému financování veřejného vysokého školství v České republice. Studium na vysokých školách v České republice je pro studenty poskytováno bez poplatků, pokud splní maturitní zkoušku z českého jazyka nebo mají jinou úředně ověřenou zkoušku z češtiny. Díky vzájemné dohodě obou států mají občané Slovenské republiky vyjednanou vyjímku v zákoně 111/1998 Sb. o vysokých školách. Praktická část je věnována výpočtu nákladů veřejných rozpočtů na studium slovenských občanů a výpočtu benefitů, rozhodnou-li se pracovat v České republice. Analýza vychází z dat MŠMT a ČSÚ o počtu cizinců na vysokých školách a způsobu financování vysokého školství i ze statistik největších českých vysokých škol, které jsem získal. Z dat zjišťuji zastoupení slovenských občanů v jednotlivých ročnících a také se snažím vypočítat a generalizovat přibližné počty studentů, kteří ukončí studium. Náklady počítám podle jednotlivých ročníků, kdy každý student v daném školním roce má fixní částku, kterou na něj vynaloží veřejné rozpočty. Pro výpočet benefitů použiji tyto kohorty rozdělené podle ročníků a metodou diskontace mzdy zjišťuji přibližnou výši odváděných daní za dobu, kdy slovenští občané pracují v České republice.</subfield>
  </datafield>
  <datafield tag="538" ind1=" " ind2=" ">
   <subfield code="a">Způsob přístupu: Internet</subfield>
  </datafield>
  <datafield tag="653" ind1="0" ind2=" ">
   <subfield code="a">hospodářská politika [obor dipl. práce]</subfield>
  </datafield>
  <datafield tag="655" ind1=" " ind2="7">
   <subfield code="a">diplomové práce</subfield>
   <subfield code="7">fd132022</subfield>
   <subfield code="2">czenas</subfield>
  </datafield>
  <datafield tag="655" ind1=" " ind2="9">
   <subfield code="a">master's theses</subfield>
   <subfield code="2">eczenas</subfield>
  </datafield>
  <datafield tag="690" ind1=" " ind2=" ">
   <subfield code="a">Migrace</subfield>
  </datafield>
  <datafield tag="690" ind1=" " ind2=" ">
   <subfield code="a">Zahraniční studenti</subfield>
  </datafield>
  <datafield tag="690" ind1=" " ind2=" ">
   <subfield code="a">Vysokoškolské vzdělání</subfield>
  </datafield>
  <datafield tag="690" ind1=" " ind2=" ">
   <subfield code="a">Lidský kapitál</subfield>
  </datafield>
  <datafield tag="690" ind1=" " ind2=" ">
   <subfield code="a">Veřejné výdaje</subfield>
  </datafield>
  <datafield tag="700" ind1="1" ind2=" ">
   <subfield code="a">Ševčík, Miroslav,</subfield>
   <subfield code="d">1958-</subfield>
   <subfield code="7">jn20000402818</subfield>
   <subfield code="4">ths</subfield>
  </datafield>
  <datafield tag="700" ind1="1" ind2=" ">
   <subfield code="a">Brabec, Petr</subfield>
   <subfield code="%">ISIS:44824</subfield>
   <subfield code="4">opn</subfield>
  </datafield>
  <datafield tag="710" ind1="2" ind2=" ">
   <subfield code="a">Vysoká škola ekonomická v Praze.</subfield>
   <subfield code="b">Národohospodářská fakulta</subfield>
   <subfield code="7">kn20010709401</subfield>
  </datafield>
  <datafield tag="856" ind1="4" ind2="0">
   <subfield code="u">https://isis.vse.cz/zp/43436/podrobnosti</subfield>
   <subfield code="y">VŠKP v InSIS</subfield>
  </datafield>
  <datafield tag="856" ind1="4" ind2="0">
   <subfield code="u">https://isis.vse.cz/zp/43436</subfield>
   <subfield code="y">Hlavní práce</subfield>
  </datafield>
  <datafield tag="856" ind1="4" ind2="0">
   <subfield code="u">https://isis.vse.cz/zp/43436/posudek/vedouci</subfield>
   <subfield code="y">Hodnocení vedoucího</subfield>
  </datafield>
  <datafield tag="856" ind1="4" ind2="0">
   <subfield code="u">https://isis.vse.cz/zp/43436/posudek/oponent/37864</subfield>
   <subfield code="y">Oponentura</subfield>
  </datafield>
  <datafield tag="999" ind1="4" ind2="0">
   <subfield code="u">http://isis.vse.cz/zp/130423/podrobnosti</subfield>
   <subfield code="y">dc:identifier</subfield>
  </datafield>
  <datafield tag="993" ind1=" " ind2=" ">
   <subfield code="x">NEPOSILAT</subfield>
   <subfield code="y">VSKP</subfield>
  </datafield>
  <datafield tag="999" ind1="4" ind2="5">
   <subfield code="x">130423</subfield>
  </datafield>
  <datafield tag="999" ind1="4" ind2="9">
   <subfield code="a">vse43436</subfield>
   <subfield code="b">140621</subfield>
  </datafield>
 </record>
</collection>
